00727nam a2200253 a 4500001001300000003000900013005001700022008004100039020000800080082001500088100001300103245003800116260005900154300000800213500003500221505001300256650002300269650002700292700001300319902000800332942000700340952011100347999001500458nice12345678IN_TiNIC20260116011654.0050524s1978 bana grp 000 0 eng  ac700a275.4bSHI aShiri, G aKarnataka Christians and Politics aBangalorebChristian Instt.For Study of Religionc1978 a95p aincludes index and biblioraphy2 aAppendix aChristianity-India aKarnataka-Christianity1 aShiri, G bSRS cBK 001040708StackRoom-aHMIbHMId2007-07-19g7.00l0o275.4 SHIp08394r2007-07-19v7.00w2005-05-24yBK c3303d3303